| 000 | 00794nam a2200241 i 4500 | ||
|---|---|---|---|
| 001 | 13858 | ||
| 003 | ES-MaACL | ||
| 005 | 20250728221707.0 | ||
| 007 | t| | ||
| 008 | 980714s1933 fr ||||1| fre d | ||
| 080 | _a113/119 | ||
| 080 | _a141.152 | ||
| 100 | 1 |
_aOldekop, Ewald. _986689 |
|
| 245 | 1 | 3 |
_aLe principe de hiérarchie dans la nature et ses rapports avec le problème du vitalisme et du mécanisme / _cpar Ewald Oldekop. |
| 260 |
_aParis : _bJ. Vrin, _c[1933] |
||
| 300 |
_a99 p. ; _c21 cm. |
||
| 490 | 1 |
_aCahiers de philosophie de la nature ; _v6 |
|
| 650 | 7 |
_aFilosofía de la naturaleza _2embne _912839 |
|
| 650 | 1 | 4 |
_aMecanicismo. _914879 |
| 830 | 0 |
_aCahiers de philosophie de la nature ; _v6 _9179545 |
|
| 852 |
_aES-MaACL _jL-21244 _bR.115716 |
||
| 999 |
_c13858 _d13858 |
||